S-Bahn Zürich #3 - Statistiken

Allgemein
  • Dieses Quiz wurde 64 mal gespielt
  • Das Durchschnittsergebnis liegt bei 72 aus 112
Antwortstatistiken
S-Bahn Haltestelle % Korrekt
Oerlikon
100%
Uster
100%
Affoltern am Albis
95%
S14 Hinwil
95%
Nänikon-Greifensee
95%
S15 Rapperswil
95%
Stadelhofen
95%
Wallisellen
95%
Zürich HB
95%
Altstetten
90%
S17 Dietikon
90%
Dübendorf
90%
Forch
90%
Hardbrücke
90%
Wetzikon
90%
Zürich Flughafen
90%
Baden
86%
S16 Herrliberg-Feldmeilen
86%
Jona
86%
Küsnacht
86%
Schwerzenbach
86%
Tiefenbrunnen
86%
Zollikon
86%
Birmensdorf
81%
Bubikon
81%
Erlenbach
81%
Niederweningen
81%
Rüti
81%
Urdorf
81%
S13 Wädenswil
81%
Aathal
76%
Effretikon
76%
Esslingen
76%
Dielsdorf
71%
Einsiedeln
71%
Niederhasli
71%
Oberglatt
71%
Rümlang
71%
Urdorf Weihermatt
71%
Bonstetten-Wettswil
67%
Dietlikon
67%
Egg
67%
Glattbrugg
67%
Hedingen
67%
Illnau
67%
Koblenz
67%
Kreuzplatz
67%
Küsnacht Goldbach
67%
Neue Forch
67%
S19 Pfäffikon ZH
67%
Schöfflisdorf-Oberweningen
67%
Wettingen
67%
Winkel
67%
Balgrist
62%
Fehraltorf
62%
Schindellegi-Feusisberg
62%
Wohlen
62%
Biberbrugg
57%
Zumikon
57%
Bremgarten
52%
Hegibachplatz
52%
Niederweningen Dorf
52%
Rehalp
52%
Samstagern
52%
Steinmaur
52%
Turgi
52%
Zollikerberg
48%
Berikon-Widen
38%
Bremgarten Obertor
38%
Scheuren
38%
Siggenthal-Würenlingen
38%
Erdmannlistein
33%
Hinteregg
33%
Klingnau
33%
Rudolfstetten
33%
Zufikon
33%
Burghalden
29%
Döttingen
29%
Grüenfeld
29%
Neuhaus bei Hinteregg
29%
Reppischhof
29%
Wohlen Oberdorf
29%
Bibenlos-Sonnenhof
24%
Bremgarten Isenlauf
24%
Maiacher
24%
Waldburg
24%
Waltikon
24%
Zollikerberg Spital
24%
Belvédère
19%
Bremgarten West
19%
Emmat
19%
Hammergut
19%
Langwies
19%
Schöneggstrasse
19%
Bergfrieden
14%
Heinrüti
14%
Hofacker
14%
Stoffelbach
14%
Keine übereinstimmenden Quizze gefunden
Verteilung der Resultate
Anzahl Personen mit jedem Resultat
Perzentil nach korrekt beantworteten Fragen
Ihre Resultats-Entwicklung
Sie haben dieses Quiz noch nicht gespielt